00579nam a22001697a 450000500170000001000150001702000260003202000110005803500140006903700090008308200120009210000140010424501360011826000580025427000730031230000240038520240726143516.0 aENG-141033 c300.00a9789382582199 c300.00 aEN-124565 bDBAD a491.469 aN. Varija aDescriptive Study of Kudubi Dialect :cVarija NbSpoken by Kudubi Comunity of Uttara Kannada, Udupi And Dakshina Kannada District / aManglurubKonkani Bhas Ani Sanskriti Prathistanc2015 bMangluruaWorld Konkani Center, Konkani Goan, Shakti Nagar, e575016 a209Pagesc25cm(pbk)